Science Quiz

Random Science or Biology Quiz

Little Science Ladders Quiz Stats

Quiz Updated Jul 7, 2012

Also try: Science by Numbers
Challenge
Share
Tweet
Embed
Score 0/40 Timer 04:00
2 Plays Today
% Correct
GOLD
88.9%
NASA
86.9%
BOLD
81.7%
MOON
79.9%
MARS
79.9%
WILD
77.3%
IONS
75.6%
MAST
75%
WINS
74.2%
MASS
73.4%
VOLT
73.1%
CELL
72.8%
WARS
72.5%
CALL
71.7%
WIND
71.6%
CAST
71.1%
MOLT
70.9%
WART
70.6%
GILD
69.8%
CARL
69.7%
% Correct
TONS
67.7%
MOOT
66.2%
TINS
66.2%
GAVE
64.8%
BOND
64.4%
GALE
63.1%
CAS A
62.7%
VOLE
61.4%
CARE
60.1%
VALE
57.4%
CAVA
57.4%
WORT
54.9%
WAVE
53.7%
CELT
44.4%
CAVE
43.7%
GENE
43.3%
GENT
32.7%
CENT
32.1%
MUON
26.3%
OORT
19.6%

You're not logged in!

Compare scores with friends on all Sporcle quizzes.
Sign Up with Email
OR
Log In

You Might Also Like...

Show Comments

Extras

Top Quizzes Today


Score Distribution

Your Account Isn't Verified!

In order to create a playlist on Sporcle, you need to verify the email address you used during registration. Go to your Sporcle Settings to finish the process.